书目信息 |
| 题名: |
耶律楚材集(节选)
|
|
| 作者: | 耶律楚材著 , 刘晓解读 | |
| 分册: | ||
| 出版信息: | 北京 中国国家图书馆出版社 2023.12 |
|
| 页数: | 317页 | |
| 开本: | 20cm | |
| 丛书名: | ||
| 单 册: | ||
| 中图分类: | Z121 | |
| 科图分类: | ||
| 主题词: | 丛书--中国 | |
| 电子资源: | ||
| ISBN: | 978-7-5013-7511-0 | |
| 000 | 00651nam0 2200193 450 | |
| 001 | 202512103198821457 | |
| 005 | 20251210105701.21 | |
| 010 | @a978-7-5013-7511-0@d65 | |
| 100 | @a20251210d km y0chiy0120 ea | |
| 101 | 0 | @achi |
| 200 | 1 | @a耶律楚材集(节选)@AYe Lu Chu Cai Ji(Jie Xuan)@f耶律楚材著,刘晓解读@FYe Lu Chu Cai Zhu,Liu Xiao Jie Du |
| 210 | @a北京@c中国国家图书馆出版社@d2023.12 | |
| 215 | @a317页@d20cm | |
| 606 | 0 | @a丛书@x中国 |
| 690 | @aZ121@v4 | |
| 701 | 0 | @a耶律楚材著@AYe Lu Chu Cai Zhu |
| 701 | 0 | @a刘晓解读@ALiu Xiao Jie Du |
| 801 | 0 | @aCN@b大连网信软件有限公司图书馆·11@c20251210 |
| 905 | @aZUCC@b1440162@dZ121@e3530:65@f214401627 | |
| 耶律楚材集(节选)/耶律楚材著,刘晓解读.-北京:中国国家图书馆出版社,2023.12 |
| 317页;20cm |
| ISBN 978-7-5013-7511-0:65 |
| ● |
| 相关链接 |
|
|
|
|
正题名:耶律楚材集(节选)
索取号:Z121/3530:65
 
预约/预借
| 序号 | 登录号 | 条形码 | 馆藏地/架位号 | 状态 | 备注 |
| 1 | 1440162 | 214401627 | 第二样本阅览室/ [索取号:Z121/3530:65] | 在馆 |